00900nam a2200241Ia 450000100060000000300090000600800410001504000130005604000130006904100130008210000160009510000290011124501080014024500260024825000110027426000120028526000190029726000490031630000590036550001770042465000260060165000310062711612IT-RoPAU130308s9999 xx 000 0 und d aIT-RoPAU cIT-RoPAU aITALIANO aPiaget Jean gCodice Aut. SPICS: 2626 aCommenti alle osservazioni critiche di Vygotsky concernenti le due opere sul linguaggio e il fanciullo bPensiero e Linguaggio a1a ed. aFIRENZE bGiunti/Barbera c1961 [1° Ed.:1961 - Ed.Ling.Originale:1961] a"18 p. (prefazione: no ; testo: 18 [pagine: 233-250])" a"Le Due Opere in Questione Sono: ""Il Linguaggio e Il pensiero del Fanciullo"" e ""Giudizio e ragionamento nel Fanciullo"" Egocentrismo Conoscitivo Linguaggio Egocentrico" aFILOSOFIA LINGUISTICA eCodice materia Spics: 3101